000 00492nam a2200169 i 4500
001 29725
003 ES-MaACL
005 20250920063032.0
007 t|
008 030122q19001999fr ||||1| fre d
100 1 _aBarrès, Maurice,
_d1862-1923
_925947
245 1 0 _aAmori et dolori sacrum
_b: la mort de Venise /
_cMaurice Barrés.
260 _aParís :
_b[s.n.,
_c190-?] (
_fPaul Dupont)
300 _a311 p. ;
_c18 cm.
852 _aES-MaACL
_jG-14874
999 _c29725
_d29725